Pravidlá pre kolektívne investovanie v Európskej únii
Vznik prvej právnej úpravy regulujúcej kolektívne investovanie v Európe (Smernica č. 85/611/EHS-UCITS). Prehľad ďalších dôležitých právnych dokumentov, súvisiacich s kolektívnym investovaním.
Salvato in:
| Autore principale: | |
|---|---|
| Natura: | Capitolo di libro |
| Lingua: | slovacco |
| Soggetti: | |
| Tags: |
Nessun Tag, puoi essere il primo ad aggiungerne!!
|
MARC
| LEADER | 00000nla$a2200000$$$4500 | ||
|---|---|---|---|
| 001 | 0026655 | ||
| 005 | 20240502071426.7 | ||
| 041 | 0 | |a slo | |
| 044 | |a SK | ||
| 245 | 1 | 0 | |a Pravidlá pre kolektívne investovanie v Európskej únii |c Ctibor Pilch |
| 520 | |a Vznik prvej právnej úpravy regulujúcej kolektívne investovanie v Európe (Smernica č. 85/611/EHS-UCITS). Prehľad ďalších dôležitých právnych dokumentov, súvisiacich s kolektívnym investovaním. | ||
| 610 | 2 | 0 | |a investovanie kolektívne |
| 610 | 2 | 0 | |a Európska únia |
| 610 | 2 | 0 | |a smernice |
| 610 | 2 | 0 | |a úpravy právne |
| 100 | 1 | |a Pilch, Ctibor, 1957- | |